| 000 | 00358nam a2200121 4500 | ||
|---|---|---|---|
| 008 | 180214b xxu||||| |||| 00| 0 eng d | ||
| 100 |
_926475 _aPerez, Ace June Rell. |
||
| 245 |
_aFrom herbs to agro-tourism/ _cAce June Rell Perez. |
||
| 260 |
_aPhilippines: _bSun Star Davao, _cc2016. |
||
| 300 | _apage 10. | ||
| 650 | 0 |
_926476 _aAgriculture. |
|
| 942 |
_2ddc _cPER |
||
| 999 |
_c8632 _d8632 |
||